01008naa a22002657a 4500001001000000003000900010005001700019007000300036008003400039040005400073041000900127072002000136100001900156100001800175100001600193111008300209245014200292260003700434500011200471650001000583650001200593650001300605650001500618773010900633BR9402013BR-BrBNA20240918181200.0ta230509b bl.||||| |||| 00| 0 por d aBR-BrBNAbporcBiblioteca Nacional de Agricultura a(Pt) aF03b1122b35751 aSao Jose, A.R.1 aCosta, A.J.C.1 aLirio, D.O.1 a10. Congresso Brasileiro de FruticulturacFortaleza, CE (Brazil)d1-6 Oct 19891 aEfeitos de diferentes metodos de extracao de sementes de mamoeiro (Carica papaya L.)cv. Sunrise Solo, na emergencia e vigor das plantulas3 aFortaleza, CE (Brasil): c1989.  a10. Congresso Brasileiro de Fruticultura. Anais Fortaleza, CE (Brasil): 1989. p. 298-302 (BR9402013-AM)F03  aMamao aSemente aPlantula aGerminacao0 t10. Congresso Brasileiro de Fruticultura. AnaiswF03 BR9402013gFortaleza, CE (Brasil), 1989. p. 298-302